000 00499ntaaa2200193 4500
003 01
005 20251027201024.0
008 0714s1973 ag 01
040 _aAR-BaBN
_bspa
_cAR-BaBN
_eaacr
_dRIC
082 _a137.4 T64f
100 _aTournier, Paul
245 _aLos fuertes y los débiles /
_cPaul Tournier
250 _a1 ed.
260 _aBuenos Aires :
_bLa Aurora,
_c1975
300 _a304 p.
500 _aestudios del carácter humano
650 _aCaracterología
_97085
942 _cBK
999 _c4283
_d4283